Brooklyn 99 Quiz - Statistics

General Stats
  • This quiz has been taken 244 times
  • The average score is 7 of 15
Answer Stats
Question Answer % Correct
Jake Peralta's favourite movie Die Hard
88%
What state does Peralta and Holt move to Florida
86%
How many brothers does Amy Santiago have 7
84%
Who went from co-workers to lovers to siblings Gina and Charles
79%
What do Jake and Amy name thier son Mac
69%
What is Raymond to Jake Captain Dad
61%
Who does Charles save in the railyard Rosa Diaz
61%
Who is Raymond Holt's husband Kevin Cosner
49%
What are Terry's kids names Cagney Lacey Ava
36%
Jakes high school name The Tattler
35%
How does Charles get Terry fat Cacao Nibs
25%
What is The Vultures real name Keith Pembroke
25%
What is Charles Boyle known as by the squad Mr Grapes
21%
Who does Charles get to be a part of Jakes bachelor party Reginald VelJohnson
14%
What is Gina's vocal warm up Gina Linetti Spaghetti Confetti
12%
No matching quizzes found
Score Distribution
Percent of People with Each Score
Percentile by Number Answered
Your Score History
You have not taken this quiz